A System of Local Analyzers for Noninvasive Diagnostics of the General State of the Tissue Microcirculation System of Human Skin; Biomedical Engineering; Vol. 55, iss. 6
| Parent link: | Biomedical Engineering Vol. 55, iss. 6.— 2022.— [P. 379–382] |
|---|---|
| 団体著者: | |
| その他の著者: | , , , |
| 要約: | Title screen A system of wearable analyzers for simultaneous monitoring of blood microcirculation and oxidative metabolism in the tissue microcirculation system in several areas of the human body has been developed. Each wearable analyzer implements the diagnostic methods of laser Doppler flowmetry (monitoring of blood microcirculation) and fluorescence spectroscopy (measurement of fluorescence of coenzyme biomarkers of oxidative metabolism). A distributed system of several wearable devices provides detection of systemic disorders of the physiological state of human skin. Режим доступа: по договору с организацией-держателем ресурса |
| 言語: | 英語 |
| 出版事項: |
2022
|
| 主題: | |
| オンライン・アクセス: | https://doi.org/10.1007/s10527-022-10140-3 |
| フォーマット: | MixedMaterials 電子媒体 図書の章 |
| KOHA link: | https://koha.lib.tpu.ru/cgi-bin/koha/opac-detail.pl?biblionumber=668844 |
MARC
| LEADER | 00000naa0a2200000 4500 | ||
|---|---|---|---|
| 001 | 668844 | ||
| 005 | 20250219112855.0 | ||
| 035 | |a (RuTPU)RU\TPU\network\40081 | ||
| 035 | |a RU\TPU\network\37833 | ||
| 090 | |a 668844 | ||
| 100 | |a 20230127d2022 k||y0rusy50 ba | ||
| 101 | 0 | |a eng | |
| 102 | |a US | ||
| 135 | |a drgn ---uucaa | ||
| 181 | 0 | |a i | |
| 182 | 0 | |a b | |
| 200 | 1 | |a A System of Local Analyzers for Noninvasive Diagnostics of the General State of the Tissue Microcirculation System of Human Skin |f V. V. Sidorov, Yu. L. Rybakov, V. M. Gukasov, G. S. Evtushenko | |
| 203 | |a Text |c electronic | ||
| 300 | |a Title screen | ||
| 320 | |a [References: 10 tit.] | ||
| 330 | |a A system of wearable analyzers for simultaneous monitoring of blood microcirculation and oxidative metabolism in the tissue microcirculation system in several areas of the human body has been developed. Each wearable analyzer implements the diagnostic methods of laser Doppler flowmetry (monitoring of blood microcirculation) and fluorescence spectroscopy (measurement of fluorescence of coenzyme biomarkers of oxidative metabolism). A distributed system of several wearable devices provides detection of systemic disorders of the physiological state of human skin. | ||
| 333 | |a Режим доступа: по договору с организацией-держателем ресурса | ||
| 461 | |t Biomedical Engineering | ||
| 463 | |t Vol. 55, iss. 6 |v [P. 379–382] |d 2022 | ||
| 610 | 1 | |a электронный ресурс | |
| 610 | 1 | |a труды учёных ТПУ | |
| 701 | 1 | |a Sidorov |b V. V. |g Viktor Vasiljevich | |
| 701 | 1 | |a Rybakov |b Yu. L. |g Yury Leonidovich | |
| 701 | 1 | |a Gukasov |b V. M. |g Victor Michaylovich | |
| 701 | 1 | |a Evtushenko |b G. S. |c Doctor of Technical Sciences, Professor of Tomsk Polytechnic University (TPU) |c Russian specialist in electrophysics |f 1947- |g Gennady Sergeevich |3 (RuTPU)RU\TPU\pers\29009 |9 13729 | |
| 712 | 0 | 2 | |a Национальный исследовательский Томский политехнический университет |b Инженерная школа неразрушающего контроля и безопасности |b Отделение электронной инженерии |3 (RuTPU)RU\TPU\col\23507 |
| 801 | 0 | |a RU |b 63413507 |c 20230127 |g RCR | |
| 856 | 4 | |u https://doi.org/10.1007/s10527-022-10140-3 | |
| 942 | |c CF | ||